header

Cisco AVVID & IP Telephony Design & Implementation (Record no. 392)

MARC details
000 -LEADER
fixed length control field 01114nam a2200289Ia 4500
100 1# - MAIN ENTRY--AUTHOR NAME
Personal name Walsaw, Martin.
245 10 - TITLE STATEMENT
Title Cisco AVVID & IP Telephony Design & Implementation
260 ## - PUBLICATION, DISTRIBUTION, ETC. (IMPRINT)
Place of publication Rockland, Mass. :
Name of publisher Syngress Media ;
Place of publication London :
Name of publisher International Thomson,
Year of publication 2001.
300 ## - PHYSICAL DESCRIPTION
Number of Pages xxvi, 492 p.
500 ## - GENERAL NOTE
General note Includes index.
650 #0 - SUBJECT ADDED ENTRY--TOPICAL TERM
Topical Term Computer network architectures.
Topical Term Multimedia systems.
856 40 - ELECTRONIC LOCATION AND ACCESS
Uniform Resource Identifier http://site.ebrary.com/lib/rucke/Doc?id=10007038

No items available.

© 2026 Rongo University
Contact us: librarian | system librarian | Rongo university